| 000 | 01448nam a2200289 a 4500 | ||
|---|---|---|---|
| 008 | 120416s1999 ||||||||||||||||| || u | ||
| 020 | _a0028047524 | ||
| 050 | _aHF 5679 And | ||
| 100 | _aAnders, Gregory E | ||
| 245 | 1 | 0 | _aMicrocomputer accounting |
| 246 | _atutorial and applications for peachtree accounting, release 7.0 | ||
| 250 | _a3rd ed. | ||
| 260 |
_aNew York _bMcGraw-Hill _c1999 |
||
| 300 | _ax, 461p. : ill. | ||
| 350 | _a0.00 | ||
| 650 | 0 | _aACCOUNTING--HANDBOOKS, MANUALS, ETC | |
| 650 | _aPEACHTREE COMPLETE ACCOUNTING | ||
| 650 | _aACCOUNTING--COMPUTER PROGRAMS | ||
| 700 | _aSpiegelberg, Emma Jo | ||
| 700 | _aNelson, Sally | ||
| 856 | _uhttp://www.loc.gov/catdir/toc/mh031/99040025.html | ||
| 856 | _uhttp://www.loc.gov/catdir/description/mh031/99040025.html | ||
| 995 |
_aMAIN LIBRARY OPEN ACCESS _D0.00 _e737238 _FCBU-MAIN LIBRARY (Kitwe) _H3 _I15.00 _jHF 5679 And _M3 _UAVAILABLE _y41783 _ZMain Library Open Access Collection |
||
| 995 |
_aMAIN LIBRARY OPEN ACCESS _D0.00 _e737235 _FCBU-MAIN LIBRARY (Kitwe) _H5 _I15.00 _jHF 5679 And _M5 _UAVAILABLE _y41785 _ZMain Library Open Access Collection |
||
| 995 |
_aMAIN LIBRARY OPEN ACCESS _D0.00 _e737237 _FCBU-MAIN LIBRARY (Kitwe) _H1 _I0.00 _jHF 5679 And _UAVAILABLE _WJun 12, 2006 _y41784 _ZMain Library Open Access Collection |
||
| 995 |
_aMAIN LIBRARY OPEN ACCESS _D0.00 _e737236 _FCBU-MAIN LIBRARY (Kitwe) _H6 _I15.00 _jHF 5679 And _M6 _UAVAILABLE _y41786 _ZMain Library Open Access Collection |
||
| 999 |
_c82901 _d82901 |
||